Stravinsky in the theatre

Titel: Stravinsky in the theatre / ed. with an introduction by Minna Lederman
Beteiligt:
Ausgabe: Repr. of the first edition, New York 1949
Veröffentlicht: New York, NY. : Da Capo Press, 1975
Umfang: 228 S. : Ill., Notenbeisp.
Format: Buch
Sprache: Englisch
RVK-Notation:
Schlagworte:
ISBN: 0306706652
Buchumschlag
X
Lokale Klassifikation: 41 9 H ; 2 S 1264 ; 41 15 K
alg: 10873818
001A    $00004:17-12-02 
001B    $01999:21-05-23 $t00:31:34.000 
001C    $03004:07-11-12 $t08:24:46.000 
001D    $00004:17-12-02 
001U    $0utf8 
001X    $00 
002@    $0Aar 
003@    $0108738183 
003O    $0123112124 $aOCoLC 
004A    $00-306-70665-2 
007A    $0108738183 $aHEB 
010@    $aeng 
011@    $a1975 
021A    $aStravinsky in the theatre $hed. with an introduction by Minna Lederman 
028C    $BHrsg. $7 $8Lederman, Minna [Tnd] $9206637047 
032@    $aRepr. of the first edition, New York 1949 
033A    $pNew York, NY. $nDa Capo Press 
034D    $a228 S. 
034M    $aIll., Notenbeisp. 
044K    $RStrawinsky, Fjodor Ignatjewitsch $RCholodowskij, Anna $RNossenko, Katerina $RSoudeikina, Vera $RStrawinsky, Soulina $#Stravinskij, Igor Fedorovič $#Stravinskij, Igor F. $#Stravinskij, I. F. $#Stravinskij, Igor' $#Stravinskij, Igor' F. $#Stravinskij, Igor' Fëdorovič $#Strawinskij, I. $#Stravinsky $#Strawinsky $#Strawinsky, Igor $#Strawinsky, Igor F. $#Strawinski, Igor $#Stravynsʹkyj, Ihor $#Stravynsʹkyj, Ihor Fedorovyč $#Stravinskj, I. $#Stravinsky, I. $#Strawinsky, I. $#Strawinsky, Igor Fjodorowitsch $#Stravinsky, Igor F. $#Strawinsky, Igór $#Strawinsky, Igor Feodorowitsch $#Strawinsky, Jgor $#Stravinskij, Igor $#Stravinsky, Igor Fyodorovich $#Stravinsky, Igor Fedorovich $#Stravinski, Igor $#Strawinski, Igor Fjodorowitsch $#Stravinskii, Igor' Fedorovich $#Stravinskii, Igor Fedorovitch $#Stravinskij, Igor Fëdorovič $#Stravinskij, Igorʹ Fedorovič $#Istrāvīnskī, Īgūr $#Stravinskiĭ, Igorʹ Fedorovich $#Strawiński, Igor Fiodorowicz $#Strawinskij, Igor $#Strawinsky, Igor Fedorowitsch $#Stravinsky, Igor Fedorowitsch $#Стравинский, Игорь Фёдорович $#Стравинский, Игорь Федорович $7118642545 $8Stravinsky, Igor$Z1882-1971 [Tp1] $9086983474 
044K    $RLiteratur $RTheater $#Drama $#Théâtre (genre littéraire) $74461958-3 $8Bühnenwerk [Ts1] $9088914747 
045F    $a780.9471 $eDDC23BSB 
045F/01 $a780 
045F/03 $g471 
045G    $a791.409471 $eDDC23BSB 
045G/01 $a791.409 
045G/03 $g471 
045Z    $8LP 94902 [Tkv] $9410142735 
046M    $aLiteraturverz. S. 191 - 228 

lok: 10873818 24
101B    $007-11-12 $t08:24:46.000 
101C    $007-11-12 
101U    $0utf8 
145Z/01 $a41 9 H 
145Z/02 $a2 S 1264 
145Z/03 $a41 15 K 

exp: 10873818 24 1 #EPN
201B/01 $007-11-12 $t08:24:46.000 
201C/01 $007-11-12 
201U/01 $0utf8 
203@/01 $0653644051 
208@/01 $a07-11-12 $bz 
209A/01 $aMus 2072 $du $f050 $hMus 2072 $x00 
209C/01 $aK 77.4677 $h77 4677 K 
209G/01 $a73107172 $x00 
220C/01 $asbl 
244Z/01 $#Stravinskij, Igor Fedorovič $#Stravinskij, Igor F. $#Stravinskij, I. F. $#Stravinskij, Igor' $#Stravinskij, Igor' F. $#Stravinskij, Igor' Fëdorovič $#Strawinskij, I. $#Stravinsky $#Strawinsky $#Strawinsky, Igor $#Strawinsky, Igor F. $#Strawinski, Igor $#Stravynsʹkyj, Ihor $#Stravynsʹkyj, Ihor Fedorovyč $#Stravinskj, I. $#Stravinsky, I. $#Strawinsky, I. $#Strawinsky, Igor Fjodorowitsch $#Stravinsky, Igor F. $#Strawinsky, Igór $#Strawinsky, Igor Feodorowitsch $#Strawinsky, Jgor $#Stravinskij, Igor $#Stravinsky, Igor Fyodorovich $#Stravinsky, Igor Fedorovich $#Stravinski, Igor $#Strawinski, Igor Fjodorowitsch $#Stravinskii, Igor' Fedorovich $#Stravinskii, Igor Fedorovitch $#Stravinskij, Igor Fëdorovič $#Stravinskij, Igorʹ Fedorovič $#Istrāvīnskī, Īgūr $#Stravinskiĭ, Igorʹ Fedorovich $#Strawiński, Igor Fiodorowicz $#Strawinskij, Igor $#Strawinsky, Igor Fedorowitsch $#Stravinsky, Igor Fedorowitsch $#Стравинский, Игорь Фёдорович $#Стравинский, Игорь Федорович $7118642545 $8--Tp1--Stravinsky, Igor$Z1882-1971 $x01 $9086983474 
247C/01 $8358050-7 Marburg, Bibliothek des Herder-Instituts Marburg $9102600961 

lok: 10873818 25

exp: 10873818 25 1 #EPN
201B/01 $026-01-26 $t12:30:03.000 
201C/01 $022-09-04 
201U/01 $0utf8 
203@/01 $021958169X 
208@/01 $a22-09-04 $br 
209A/01 $aE st 487 $dd $f091 $x00 
209C/01 $a78 B 423 
209G/01 $a78133338 $x00 
209G/01 $aMusikwissenschaft $x01 
247C/01 $8651091-7 <77/091>Mainz, Universität Mainz, Zentralbibliothek, Standort Musikwissenschaft $9102600406 

lok: 10873818 205

exp: 10873818 205 1 #EPN
201B/01 $005-05-20 $t15:13:38.000 
201C/01 $017-12-02 
201U/01 $0utf8 
203@/01 $0178939218 
208@/01 $a17-12-02 $br 
209A/01 $aBg S 201 $db $f431 $x00 
209B/01 $a98 $x05 
209G/01 $a61669744 $x00 
247C/01 $8351431-6 <4/431>Marburg, Universität Marburg, Bibliothek Kunst und Kulturwissenschaften, Musikwissenschaft $9102595534
LEADER 00000cam a22000002c 4500
001 108738183
003 DE-603
005 20230521003134.0
007 tu
008 021217s1975 xx |||| | u00||u|eng c
020 |a 0306706652 
035 |a (DE-599)HEB108738183 
035 |a (OCoLC)123112124 
040 |a DE-603  |b ger  |c DE-603  |d DE-603 
041 |a eng 
082 0 4 |8 1\u  |a 780.9471  |q DE-101  |2 23/BSB 
083 0 |8 2\u  |a 791.409471  |q DE-101  |2 23/BSB 
084 |a LP 94902  |0 (DE-625)108887:  |0 (DE-603)410142735  |2 rvk 
085 |8 1\u  |b 780 
085 |8 1\u  |z 2  |s 471 
085 |8 2\u  |b 791.409 
085 |8 2\u  |z 2  |s 471 
245 0 0 |a Stravinsky in the theatre  |c ed. with an introduction by Minna Lederman 
250 |a Repr. of the first edition, New York 1949 
264 1 |a New York, NY.  |b Da Capo Press  |c 1975 
300 |a 228 S.  |b Ill., Notenbeisp. 
504 |a Literaturverz. S. 191 - 228 
600 1 7 |a Stravinsky, Igor  |d 1882-1971  |0 (DE-588)118642545  |0 (DE-603)086983474  |2 gnd 
650 7 |a Bühnenwerk  |0 (DE-588)4461958-3  |0 (DE-603)088914747  |2 gnd 
700 1 |a Lederman, Minna  |e Hrsg.  |4 edt  |0 (DE-603)206637047 
924 0 |9 Mb 50  |a (DE-603)653644051  |b DE-Mb50  |c HES  |d c  |g Mus 2072 
924 0 |9 77/091  |a (DE-603)21958169X  |b DE-77-091  |c HES  |d d  |g E st 487 
924 0 |9 4/431  |a (DE-603)178939218  |b DE-4-431  |c HES  |d d  |g Bg S 201